Prediction of the adjustment and academic performance of college students by modification of the rorschach method (Record no. 1332567)
[ view plain ]
| 000 -LEADER | |
|---|---|
| fixed length control field | 00681nam a2200205Ia 4500 |
| 005 - DATE AND TIME OF LATEST TRANSACTION | |
| control field | 20250508151848.0 |
| 008 - FIXED-LENGTH DATA ELEMENTS--GENERAL INFORMATION | |
| fixed length control field | 008 250505s9999 xx 000 0 eng d |
| 037 ## - SOURCE OF ACQUISITION | |
| Stock number | Textual |
| 040 ## - CATALOGING SOURCE | |
| Original cataloging agency | FEDL |
| Language of cataloging | eng |
| Transcribing agency | FEDL |
| 041 ## - LANGUAGE CODE | |
| Language code of text/sound track or separate title | eng |
| Source of code | eng |
| 084 ## - COLON CLASSIFICATION NUMBER | |
| Classification number | 155.284 2, MUN |
| Assigning agency | FEDL |
| 100 ## - MAIN ENTRY--PERSONAL NAME | |
| Personal name | Munroe Ruth Learned |
| 9 (RLIN) | 760179 |
| 245 #0 - TITLE STATEMENT | |
| Title | Prediction of the adjustment and academic performance of college students by modification of the rorschach method |
| 260 ## - PUBLICATION, DISTRIBUTION, ETC. | |
| Place of publication, distribution, etc. | Stanford, USA |
| Name of publisher, distributor, etc. | Stanford University Press |
| Date of publication, distribution, etc. | 1945 |
| 300 ## - PHYSICAL DESCRIPTION | |
| Extent | 104p |
| 490 ## - SERIES STATEMENT | |
| Series statement | Appplied psychology monographs |
| 650 ## - SUBJECT ADDED ENTRY--TOPICAL TERM | |
| Topical term or geographic name entry element | Personality |
| 942 ## - ADDED ENTRY ELEMENTS (KOHA) | |
| Koha item type | Textual |
| Classification part | 155.284 2, MUN |
| Withdrawn status | Lost status | Damaged status | Not for loan | Home library | Current library | Date acquired | Total Checkouts | Full call number | Barcode | Date last seen | Price effective from | Koha item type |
|---|---|---|---|---|---|---|---|---|---|---|---|---|
| Department of Education Library | Department of Education Library | 2025-05-08 | 155.284 2, MUN | EL0013770 | 2025-05-08 | 2025-05-08 | Textual |
